LEADER 00992nam0-2200325---450- 001 990005791690403321 005 20091221133140.0 035 $a000579169 035 $aFED01000579169 035 $a(Aleph)000579169FED01 035 $a000579169 100 $a19990604e19691797km-y0itay50------ba 101 0 $ager 102 $aBE 105 $ay-------001yy 200 1 $aVersuch über die EinbildungsKraft$fvon Johann Gebhard Ehrenreich Maass 210 $aBruxelles$cCulture et civilisation$d1969 215 $aVIII, 453 p.$d19 cm 225 1 $aAetas kantiana$v167 324 $aRipr. facs. dell'ed.: Halle ; Leipzig : Ruff, 1797 610 0 $aImmaginazione$aFilosofia 676 $a128.3 700 1$aMaass,$bJohann Gebhard Ehrenreich$f<1766-1823>$0220503 801 0$aIT$bUNINA$gRICA$2UNIMARC 901 $aBK 912 $a990005791690403321 952 $aP.1 FG 1773$bBibl. 2505$fFLFBC 959 $aFLFBC 996 $aVersuch über die EinbildungsKraft$9569159 997 $aUNINA LEADER 01437nam2-2200421li-450- 001 990000130360203316 005 20091113100626.0 010 $a0-387-96131-3 035 $a0013036 035 $aUSA010013036 035 $a(ALEPH)000013036USA01 035 $a0013036 100 $a200199004118--------y0itay0103----ba 101 0 $aeng 102 $aUS 200 1 $aComputational geometry$ean introduction$fFranco P. Preparata, Michael Ian Shamos 205 $a1st ed.$gcorrected and expanded 2nd printing 210 $aNew York [etc.]$cSpringer-Verlag,copyr. 1985 (stampa 1988) 215 $aXIV, 398 p.$c234 ill.$d24 cm 225 2 $aTexts and monographs in computer science$v12 410 1$10010022871$12001$aTexts and monographs in computer science$v12 606 0 $aGeometria$xElaborazione dei dati 676 $a516.02 700 1$aPREPARATA,$bFranco P.$037151 701 1$aSHAMOS,$bMichael Ian$058275 801 $aSistema bibliotecario di Ateneo dell' Università di Salerno$gRICA 912 $a990000130360203316 951 $a001.6 TMC (12)$b11422/CBS$c001.6$d00105374 959 $aBK 969 $aSCI 979 $c19900411 979 $c20001110$lUSA01$h1711 979 $aALANDI$b90$c20010220$lUSA01$h1121 979 $c20020403$lUSA01$h1620 979 $aPATRY$b90$c20040406$lUSA01$h1610 979 $aRSIAV7$b90$c20091113$lUSA01$h1006 996 $aComputational geometry$9967303 997 $aUNISA LEADER 00994nam0-2200349---450 001 990008823060403321 005 20230622102150.0 010 $a88-498-1276-0 035 $a000882306 035 $aFED01000882306 035 $a(Aleph)000882306FED01 035 $a000882306 100 $a20090312d2005----km-y0itay50------ba 101 0 $aita 102 $aIT 105 $ay-------001yy 200 1 $aConfini$ecostruzioni, attraversamenti, rappresentazioni$fa cura di Silvia Salvatici 210 $aSoveria Mannelli$cRubbettino$d[2005] 215 $a245 p.$d23 cm 300 $aIn cop.: SISSCO, Societa italiana per lo studio della storia contemporanea 610 0 $aConfini 676 $a320.12$v19$zita 702 1$aSalvatici,$bSilvia 801 0$aIT$bUNINA$gRICA$2UNIMARC 901 $aBK 912 $a990008823060403321 952 $aII F 161$b43295$fFSPBC 952 $aMAR / SAL 3$b10065$fbfs 959 $aBFS 959 $aFSPBC 996 $aConfini$9806924 997 $aUNINA